| 000 | 00448nmm a2200169Ia 4500 | ||
|---|---|---|---|
| 008 | 251105s9999||||xx |||||||||||||||||und|| | ||
| 020 | _a9788483590553 | ||
| 041 | _aspa | ||
| 100 | _aMoro, Elías | ||
| 245 | 0 | _aMe acuerdo | |
| 264 |
_a[Madrid, España] : _bCalambur, _c2009 |
||
| 300 | _a113 páginas | ||
| 490 | _aCalambur Narrativa | ||
| 650 | _aSpanish narrative | ||
| 856 | _uhttps://public.digitaliapublishing.com/a/30610 | ||
| 942 | _cCF | ||
| 999 |
_c86139 _d86139 |
||